000
00313nam a22001337a 4500
008
180928b xxu||||| |||| 00| 0 eng d
020
_a
0070609268
041
_a
eng
080
_2
2nd
_a
311
100
_a
55
101
_a
STA
245
_a
Principles and Procedures of Statistics
_c
Steel, R.G.D
942
_2
udc
_c
BK
999
_c
48663
_d
48663